| 000 | 01099nam a2200373 a 4500 | ||
|---|---|---|---|
| 001 | vtls000013590 | ||
| 003 | NLI | ||
| 005 | 20210601181530.0 | ||
| 008 | 101125s1956 ii a 001 0 eng | ||
| 020 | _cRs. 5.00 | ||
| 039 | 9 |
_y201011250107 _zVLOAD |
|
| 040 | 0 |
_aNLI _beng _cVERGIS-2003 |
|
| 041 | 0 | _aeng | |
| 044 | _aii | ||
| 082 | 1 | _a628.1 | |
| 100 | 1 |
_aSadarangani, V.H. _951695 |
|
| 245 | 1 | 2 |
_aA text book of water supply engineering/ _cV.H.Sadarangani |
| 260 |
_aBombay: _bHira M.S.Fort, _c1956 |
||
| 300 |
_a229 p.: _bill.fold maps; _c18 cm. |
||
| 500 | _acompanion volume to the text book or sanitary engineering(Sewerage and Sewage disposal) | ||
| 650 | 0 |
_aWater _xsupply engineering |
|
| 650 | 0 |
_aHydraulic engineering _9603 |
|
| 650 | 0 |
_aWater _xSupply _941365 |
|
| 650 | 0 |
_aPurification _951696 |
|
| 887 | _aP.Prabakar. | ||
| 901 |
_ag7416 _b06/09/1963 |
||
| 902 | _aE 628.1 Sa 15 | ||
| 903 | _a03/03/2004 | ||
| 904 | _aP.Prabakar. | ||
| 906 | _a012521 | ||
| 949 |
_AVIRTUAITEM _D10000 _F1 _X100 _6GXX000007416ENG _aE 628.1 Sa15 |
||
| 942 |
_2ddc _cBKS |
||
| 999 |
_c19024 _d19024 |
||